000 00391nam a22001697a 4500
005 20230912095252.0
008 160121b xxu||||| |||| 00| 0 eng d
040 _aLoreto College
082 _a226
_bMAR
100 _aMarshall,F.
245 _a St. Mark
_cF. Marshall
260 _aLondon
_bGeorge Gill
300 _a149p.
650 _aGospels & Acts
850 _aLCLIB
942 _cBK
999 _c40456
_d90935